Stateside + Zara Larson - PinkPantheress (full lyrics) - Statistics

General Stats
  • This quiz has been taken 113 times
  • The average score is 303 of 412
Answer Stats
Answer % Correct
I
100%
a
97%
I'm
97%
my
97%
My
97%
be
94%
boy
90%
me
90%
in
89%
the
89%
you
89%
You
89%
out
87%
stateside
87%
that
87%
to
87%
can
86%
American
85%
been
85%
outside
85%
is
83%
Is
83%
It
83%
it
83%
up
83%
do
82%
for
82%
skin
82%
Swedish
82%
Who
82%
ego
80%
FaceTime
80%
freezing
80%
girl
80%
boost
79%
look
79%
that's
79%
when
79%
When
79%
I've
77%
Kissing
77%
over
77%
tight
77%
at
76%
but
75%
But
75%
feel
75%
ha
75%
your
75%
ah
73%
ah-ah
73%
ah-ah,
73%
Ah-ah-ah-ah-ah-ah
73%
Ah-ah-ah-ah-ah-ah-ah-ah
73%
Boots
73%
into
73%
on
73%
coat
72%
inside
72%
minute
72%
right
72%
you're
72%
knew
70%
Never
70%
say
70%
so
70%
know
69%
plane
69%
with
69%
Yeah
69%
headline
68%
I'll
68%
Tell
68%
time
68%
What
68%
would
68%
here
66%
LA
66%
tonight
66%
all
65%
All
65%
don't
65%
Dream
65%
fly
65%
loose
65%
next
65%
opening
65%
get
63%
like
63%
make
63%
control
62%
taking
62%
ain't
61%
And
61%
same
61%
before
59%
met
59%
No
59%
Schedule
59%
boys
58%
can't
58%
how
58%
Oh
58%
oh-ah
58%
oh-oh
58%
Oh-oh-oh
58%
see
58%
going
56%
this
56%
tryna
56%
Are
55%
away
55%
Stockholm
55%
British
54%
door
54%
if
54%
run
54%
stay
54%
talking
54%
fade
52%
feelings
52%
insane
52%
flight
51%
knocking
51%
stage
51%
touring
51%
flying
49%
nice
49%
way
49%
worth
49%
hit
48%
ride
48%
too
48%
bedside
46%
intercontinental
46%
treats
46%
abroad
45%
Cause
45%
did
45%
maybe
45%
one
45%
take
45%
years
45%
want
44%
Now
42%
through
42%
tracked
42%
sounds
41%
Where
38%
Why
38%
work
38%
put
37%
Wait
37%
those
34%
Worries
34%
land
30%
Leave
30%
woah-oh
24%
ooh
21%
Ooh-ooh-ooh
21%
Yet
21%
No matching quizzes found
Score Distribution
Percent of People with Each Score
Percentile by Number Answered
Your Score History
You have not taken this quiz